=LDR 00000nam 2200000 4500 =001 INLIS000000000024738 =005 20130612123314 =008 ***********************************Ind** =035 ##$$0010-061300000024738 =041 ##$$a Ind =082 ##$$a 690.21 =090 ##$$a 690.21, Mac a =100 ##$$a Macdonald, Angus J =245 ##$$a Struktur dan aristektur, Angus J. Macdonald =260 ##$$a 2002 $b Jakarta =300 ##$$a 134 hlm, 25 cm =650 ##$$a Arsitektur =850 ##$$a NBPNMAT